Diseño de un sistema de control estadístico para el proceso de moldeo por inyección del Half Spool
Shranjeno v:
| Glavni avtor: | |
|---|---|
| Drugi avtorji: | |
| Format: | Knjiga |
| Jezik: | Spanish |
| Izdano: |
San José, Costa Rica
2016
|
| Teme: | |
| Oznake: |
Označite
Brez oznak, prvi označite!
|
MARC
| LEADER | 00000nam a22000007a 4500 | ||
|---|---|---|---|
| 003 | 012569 | ||
| 005 | 20231003134454.0 | ||
| 008 | 170302b2016 cr a|||| m||| 00| ||spa d | ||
| 040 | |c cru CEDI | ||
| 090 | |a TFG 7720 | ||
| 100 | |9 1690 |a Rodríguez Rodríguez, Laura Gabriela, 1990- | ||
| 245 | |a Diseño de un sistema de control estadístico para el proceso de moldeo por inyección del Half Spool | ||
| 260 | |a San José, Costa Rica |c 2016 | ||
| 300 | |a xii, 171 hojas; ilustraciones a color | ||
| 500 | |a Proyecto de graduación (licenciatura en ingeniería química)--Universidad de Costa Rica. Facultad de Ingeniería. Escuela de Ingeniería Química | ||
| 501 | |a Directora de Práctica de Graduación: Ing. Natalia Hernández Montero, PhD. | ||
| 650 | |x POLIMEROS |x TORNILLOS |x CONTROL DE PROCESOS - METODOS ESTADISTICOS |x MOLDEO POR INYECCION DE PLASTICOS |x METODOS ESTADISTICOS |x CONTROL ESTADISTICO DE CALIDAD |x CONTROL DE CALIDAD |9 6787 | ||
| 700 | |9 375 |a Hernández Montero, Natalia, 1981- |d Directora del TFG | ||
| 942 | |c CEDI | ||
| 999 | |c 17686 |d 17686 | ||
